All Ireland Football Champions - Statistics

General Stats
  • This quiz has been taken 55 times
  • The average score is 17 of 19
Answer Stats
Hint Answer % Correct
31 Titles Dublin
100%
7 Titles Cork
97%
2 Titles Donegal
95%
9 Titles Galway
95%
38 Titles Kerry
95%
3 Titles Mayo
95%
1 Title Derry
92%
3 Titles Offaly
90%
5 Titles Down
87%
7 Titles Meath
87%
2 Titles Roscommon
85%
4 Titles Tipperary
85%
4 Titles Tyrone
85%
2 Titles Armagh
82%
5 Titles Cavan
82%
5 Titles Wexford
82%
3 Titles Louth
79%
4 Titles Kildare
77%
2 Titles Limerick
69%
No matching quizzes found
Score Distribution
Percent of People with Each Score
Percentile by Number Answered
Your Score History
You have not taken this quiz